| 000 | 00703nja a2200217 a 4500 | ||
|---|---|---|---|
| 003 | BLK | ||
| 005 | 20241005005455.0 | ||
| 008 | 180414c bul|r|ner|||| 00| c0bul d | ||
| 010 | _aNOT00003235028 | ||
| 040 | _aBLK | ||
| 100 |
_aМоцарт, Волфганг Амадеус _d1756 - 1791 _9368558 |
||
| 245 | 1 | 0 |
_aТема _bИз тема с вариации _cВолфганг Амадеус Моцарт. |
| 250 | _a5 изд. | ||
| 257 | _aBGR | ||
| 380 | _a7 | ||
| 773 |
_0316798 _9669689 _aМоцарт, Волфганг Амадеус _tМалкият пианист |
||
| 852 | _aЦб М ІІ 5715 | ||
| 942 |
_cNOT _n0 |
||
| 944 |
_aCR _c21.08.2010 _k _lCRON CRON |
||
| 944 |
_aED _c21.08.2010 _k |
||
| 999 |
_c316826 _d316826 |
||